| 000 | 00347nam a22001217a 4500 | ||
|---|---|---|---|
| 082 |
_a631.7 _bPAR |
||
| 100 | _aParvathy Menon | ||
| 245 | _aDevelopment of methodologies for the complete utilization of poultry abattoir waste | ||
| 260 |
_aTavanur _bDepartment of LWRCE _c2013 |
||
| 700 | _aRahul S Varier | ||
| 700 | _aVishnu B (guide) | ||
| 942 | _cPR | ||
| 999 |
_c14066 _d14066 |
||